Fr. Gregorio de la Concepción y su proceso de infidencia. (Record no. 114431)

MARC details
000 -LEADER
campo de control de longitud fija 00864nam a2200253 i 4500
001 - NÚMERO DE CONTROL
campo de control 114431
003 - IDENTIFICADOR DE NÚMERO DE CONTROL
campo de control ES-MaACL
005 - FECHA Y HORA DE LA ÚLTIMA TRANSACCIÓN
campo de control 20240425063220.0
007 - CAMPO FIJO DE DESCRIPCIÓN FÍSICA--INFORMACIÓN GENERAL
campo de control de longitud fija t|
008 - DATOS DE LONGITUD FIJA--INFORMACIÓN GENERAL
campo de control de longitud fija 070228s1911 mx ||||1| spa d
040 ## - FUENTE DE CATALOGACIÓN
Centro/agencia transcriptor ES-MaACL
245 00 - MENCIÓN DEL TÍTULO
Título Fr. Gregorio de la Concepción y su proceso de infidencia.
260 ## - PUBLICACIÓN, DISTRIBUCIÓN, ETC.
Lugar de publicación, distribución, etc. México :
Nombre del editor, distribuidor, etc. [s. n.],
Fecha de publicación, distribución, etc. 1911 (
Fabricante Tip. Guerrero Hnos.)
300 ## - DESCRIPCIÓN FÍSICA
Extensión XXXVI, 158 p. ;
Dimensiones 23 cm.
490 1# - MENCIÓN DE SERIE
Mención de serie Archivo General de la Nación ;
Designación de volumen o secuencia 2
600 04 - PUNTO DE ACCESO ADICIONAL DE MATERIA--NOMBRE DE PERSONA
Nombre de persona Gregorio de la Concepción.
9 (RLIN) 59903
651 #4 - PUNTO DE ACCESO ADICIONAL DE MATERIA--NOMBRE GEOGRÁFICO
Nombre geográfico San Luis de Potosí (México)-
Subdivisión de forma Historia.
9 (RLIN) 9358
710 1# - ENTRADA AGREGADA--NOMBRE DE ENTIDAD CORPORATIVA
Nombre de entidad corporativa o nombre de jurisdicción como elemento de entrada México.
Unidad subordinada Secretaría de Relaciones Exteriores.
9 (RLIN) 5710
810 2# - PUNTO DE ACCESO ADICIONAL DE SERIE--NOMBRE DE ENTIDAD CORPORATIVA
9 (RLIN) 234925
Nombre de entidad corporativa o nombre de jurisdicción como elemento de entrada Archivo General de la Nación (México) ;
Designación de volumen o secuencia 2
852 4# - LOCALIZACIÓN
Ubicación ES-MaACL
Número de control de estantería G-15216
942 ## - ELEMENTOS DE ENTRADA SECUNDARIOS (KOHA)
Tipo de ítem Koha Libro impreso
Holdings
Estatus retirado Estado de pérdida Estado de daño No para préstamo Biblioteca de origen Biblioteca actual Ubicación en estantería Fecha de adquisición Fuente de adquisición Total de préstamos Signatura topográfica completa Código de barras Visto por última vez Precio de reemplazo Tipo de ítem Koha
        Biblioteca del Ateneo de Madrid Biblioteca del Ateneo de Madrid Sala Pecera Planta 3 17/01/2008     G-15216 1119334 23/02/2023 23/02/2023 Libro impreso